[Event "Gothenburg op"]
[Site "Gothenburg"]
[Date "2019.08.17"]
[Round "6"]
[White "Johansson, Roy"]
[Black "Hakansson, Simon"]
[Result "1-0"]
[WhiteElo "1976"]
[BlackElo "1717"]
[PlyCount "117"]
[EventDate "2019.08.16"]
[EventType "swiss"]
[EventRounds "8"]
[EventCountry "SWE"]
[SourceTitle "CBM 191 Extra"]
[Source "ChessBase"]
[SourceDate "2019.09.30"]
[SourceVersion "1"]
[SourceVersionDate "2019.09.30"]
[SourceQuality "1"]

1. d4 d5 2. Bf4 Nf6 3. e3 c5 4. Nd2 Nc6 5. c3 Qb6 6. Qb3 c4 7. Qc2 Nh5 8. Bg5 Qc7 9. Be2 Nf6 10. Ngf3 e6 11. 0-0 Be7 12. e4 0-0 13. e5 Nd7 14. Bxe7 Nxe7 15. Ng5 g6 16. f4 b5 17. Rf3 h6 18. Nh3 a5 19. Nf2 Ba6 20. Rh3 Kg7 21. Nf3 b4 22. Qd2 bxc3 23. bxc3 Rh8 24. g4 a4 25. a3 Rab8 26. Kh1 Rb7 27. Rg1 Qb8 28. Nh4 Rb1 29. Bd1 Qb2 30. Qe3 Nb6 31. f5 Kf8 32. fxg6 fxg6 33. Rf3+ Ke8 34. Qf4 Qxa3 35. Bxa4+ Qxa4 36. Rxb1 Nd7 37. Qf7+ Kd8 38. Qxe6 Qc2 39. Ra1 Bb7 40. Qd6 Qb2 41. Rf1 Qb6 42. Qxb6+ Nxb6 43. Rb1 Nec8 44. Nxg6 Rg8 45. Nh4 Bc6 46. Nf5 Rg6 47. Rh3 Bd7 48. Nxh6 Be6 49. Nf5 Rg5 50. Rh8+ Kd7 51. h4 Rg6 52. h5 Rg5 53. Rh7+ Kd8 54. Rg7 Bxf5 55. Rxg5 Bxb1 56. h6 Na4 57. Rg8+ Ke7 58. Rxc8 Nxc3 59. h7 1-0